000 00727nam a22002417a 4500
005 20170124110155.0
010 _aB-108062
020 _c00.00
_a818514138
035 _aB-108062
037 _bCen Lib/Ret
040 _aDPL
_bEN
082 _a181.44
_bBHA
245 _aBhavya on mimamsa :
_ctranslated by Christian Lindtner
_bmimamsatattvaniryavatrah /
260 _aChennai
_c2001
_bThe adyar library and research centre
270 _bChennai
_aAdyar
300 _a58p.
_c21cm(Hb)
490 _aThe adyar library pamphlet series
500 _a
650 _aPhilosophy
_zIndia
_993115
650 _aMimamsa
_993116
700 _aLindtner Christian
_934829
942 _2ddc
_cEN
_h181.44
_mBHA
999 _c132474
_d132474